LEADER 01714nam 2200481 450 001 9910798304803321 005 20170919200455.0 010 $a1-78348-707-0 035 $a(CKB)3710000000736523 035 $a(SSID)ssj0001692625 035 $a(PQKBManifestationID)16542534 035 $a(PQKBTitleCode)TC0001692625 035 $a(PQKBWorkID)15065435 035 $a(PQKB)25088111 035 $a(MiAaPQ)EBC4570766 035 $a(EXLCZ)993710000000736523 100 $a20160712h20162016 uy 0 101 0 $aeng 135 $aurcnu|||||||| 181 $ctxt 182 $cc 183 $acr 200 10$aDecolonizing democracy $epower in a solid state /$fRicardo Sanin-Restrepo 210 1$aLondon, [England] ;$aNew York :$cRowman & Littlefield International,$d2016. 210 4$dİ2016 215 $a1 online resource (251 pages) 225 0 $aGlobal Critical Caribbean Thought 300 $aIncludes index. 311 $a1-78348-706-2 311 $a1-78348-705-4 327 $aColoniality: decrypting power in a solid state -- First definition of democracy: the hidden people as the dark energy of power -- Difference and simulacra: the poisoned gift of Platonism -- The plastic soul of democracy: power between potentia, potestas, and actuality -- The phantom pain of civilization: against Negri?s understanding of Spinoza. 606 $aDemocracy$xPhilosophy 610 $aColoniality 615 0$aDemocracy$xPhilosophy. 676 $a321.8 700 $aSani?n Restrepo$b Ricardo$01529771 801 0$bMiAaPQ 801 1$bMiAaPQ 801 2$bMiAaPQ 906 $aBOOK 912 $a9910798304803321 996 $aDecolonizing democracy$93774225 997 $aUNINA